000 00794nam a22002057a 4500
999 _c10263
_d10263
003 AR-CdUCM
008 190329b ||||| |||| 00| 0 spa d
040 _aMUNICIPALIDAD PROVINCIAL DEL CUSCO
_cBIBLIOTECA MUNICIPAL DEL CUSCO
082 _a549 /
_bR18 / 1939
100 _aRaimondi, Antonio
_927018
245 _aMinerales del Perú :
_bDescripción mineralógica detallada de 1617 muestras de la república /
260 _aPerú :
_bSupremo gobierno del Perú,
_c1939.
300 _a 3 tomos ;
_c31 cm.
505 _aContendo : Departamento de amazona -- Departamento de Ancash -- Departamento de Apurimac -- Departamento de Arequipa ...
650 _a Perú
_927019
650 _aDepartamentos
_914667
650 _aProvincias y distritos
_927020
942 _2ddc
_cLIBROS
945 _arah